On This Day: March 4th Quiz Stats

 Plays Quiz Updated Jul 26, 2017

Support Sporcle.
Go Orange.
Score 0/7 Timer 03:00
0 Plays Today
Question Answer Wrong Answers
This English Quaker receives a charter making him the sole proprietor of a colonial territory.
1681
William Penn
87.4%
John Mason
3.9%
Cecil Calvert
3.4%
William Alexander
4.3%
The first flight of this airship takes off from Friedrichshafen, Germany.
1936
Hindenburg
79.3%
Graf Zeppelin
15.1%
Wingfoot Air Express
1.1%
Dixmude
0.8%
This world leader wins a presidential election amid allegations of voter fraud.
2012
Vladimir Putin
69.7%
Nicolas Sarkozy
5.7%
Hugo Chávez
18%
Abdoulaye Wade
2.6%
The first case of this pandemic, which would go on to kill between 50 and 100 million people, is recorded at the Fungston Army Camp in Kansas.
1918
Spanish Flu
61%
Cholera
7.9%
Smallpox
23.4%
Malaria
4.1%
This US president is sworn in, delivering the longest inauguration speech at 8,443 words (one hour and 45 minutes).
1841
William Henry Harrison
58%
Andrew Jackson
15.8%
John Tyler
9.6%
James K. Polk
13.4%
This future Holy Roman Emperor, nicknamed Barbarossa, is elected King of Germany.
1152
Frederick I
52.5%
Otto I
34%
Charles III
9.4%
Conrad II
4%
William Herschel observes this celestial body with his six-foot reflecting telescope.
1774
Orion Nebula
23%
Cat's Eye Nebula
3.8%
Pluto
21%
Uranus
49.7%

You're not logged in!

Compare scores with friends on all Sporcle quizzes.
OR
Log In
Forgot?

From the Vault

TV Sibling/Mother Match-Up

by Banya

This quiz is so full of family hijinks it's not even funny.
Remove Ads.
Support Sporcle.
Get the best of Sporcle when you Go Orange. This ad-free experience offers more features, more stats, and more fun while also helping to support Sporcle. Thank you for becoming a member.

Show Comments

Extras

Top Quizzes Today


Score Distribution

Your Account Isn't Verified!

In order to create a playlist on Sporcle, you need to verify the email address you used during registration. Go to your Sporcle Settings to finish the process.

Report this User

Report this user for behavior that violates our Community Guidelines.

Details: